000 00494nam a22001337a 4500
005 20241022095657.0
008 241022b |||||||| |||| 00| 0 eng d
100 _aLacuata, Leira.
_eauthor.
_963281
245 _aHRCAP program for less priuileged to achieve culinary careers /
_cLeira Lacuata.
260 _aPhilippines;
_bPhilippine Graphic Publishing Inc.,
_cNovember 2019.
300 _aVolume 20, pages 62,
_billustration.
700 _aLacuata, Leira.
_eauthor.
_963282
942 _2ddc
_cPER
999 _c22770
_d22770